| 000 | 00649nam a2200217 a 4500 | ||
|---|---|---|---|
| 001 | BRCA_7805 | ||
| 005 | 20190320210013.0 | ||
| 008 | 161013s1960----nyua######---#000-0#eng-# | ||
| 041 | _aeng | ||
| 044 | _anyu | ||
| 050 | 4 |
_aNK2808 _b.E73 1960 |
|
| 100 | 1 |
_aErdmann, Kurt _919334 |
|
| 245 | 1 | 0 |
_aOriental carpets _ban essay on their history _cKurt Erdmann ; translated by Charles Grant Ellis. |
| 260 |
_aNueva York _bUniverse Books _cc1960 |
||
| 300 |
_a78 p. _bil. (algunas a color), 187 láminas _c27 cm. |
||
| 500 | _aX85 | ||
| 650 | 1 | 4 |
_aTapetes orientales _97601 |
| 700 | 1 |
_aGrant Ellis, Charles _etr. _919335 |
|
| 902 | _aGFM | ||
| 942 |
_2lcc _cB |
||
| 999 |
_c7479 _d7479 |
||